AP World History - Unit 1.1 Quiz - Statistics

General Stats
  • This quiz has been taken 1,205 times
  • The average score is 6 of 9
Answer Stats
Question Answer % Correct
What new fast-ripening and drought-resistant crop allowed China to rapidly increase their population? Champa Rice
92%
Name 1 prominent religion of East Asia during the period of 1200-1450. Daoism | Neo-Confucianism | Buddhism
74%
What Chinese dynasty controlled China during this period? The Song Dynasty
73%
The Chinese Civil Service Exam was based on what philosophy? Confucianism
70%
What common practice in China ended in 1912, that restricted women's ability to participate in society? Foot Binding
65%
..and what dynasty did it replace? The Tang Dynasty
65%
Name one technological advancement of East Asia from 1200-1450. Woodblock Printing | Paper | Grand Canal | Gunpowder | Compass
64%
Name one major export of China from 1200-1450. Porcelain | Silk | Gunpowder
62%
What area was controlled by feudal lords (Daimyo) for hundreds of years, without a centralized government? Japan
60%
No matching quizzes found
Score Distribution
Percent of People with Each Score
Percentile by Number Answered
Your Score History
You have not taken this quiz